Cessioni più costose - La Liga - Statistics

Statistiche generali
  • Questo quiz è stato fatto 28 volte
  • Il punteggio medio è 14 su 19
Statistiche sulle risposte
Costo (M €) Da A Nazione Anno Calciatore % Corretto
222 Barcellona Paris Saint-Germain Brasile 2017 Neymar
100%
120 Atletico Madrid Barcellona Francia 2019 Antoine Griezmann
96%
117 Real Madrid Juventus Portogallo 2018 Cristiano Ronaldo
96%
76 Barcellona Juventus Brasile 2020 Arthur Melo
88%
47 Real Madrid Arsenal Germania 2013 Mesut Özil
88%
75 Real Madrid Manchester United Argentina 2014 Ángel Di María
83%
70,65 Real Madrid Manchester United Brasile 2022 Casemiro
83%
45 Real Madrid Chelsea Croazia 2019 Mateo Kovačić
83%
60 Barcellona Real Madrid Portogallo 2000 Luís Figo
79%
80 Athletic Bilbao Chelsea Spagna 2018 Kepa Arrizabalaga
71%
62,70 Atletico Madrid Manchester City Spagna 2019 Rodri
71%
70 Real Sociedad Newcastle Utd Svezia 2022 Alexander Isak
63%
65 Athletic Bilbao Manchester City Francia/Spagna 2018 Aymeric Laporte
63%
50 Siviglia Barcellona Francia 2022 Jules Kounde
63%
80 Atletico Madrid Bayern Monaco Francia 2019 Lucas Hernández
63%
50 Atletico Madrid Arsenal Ghana 2020 Thomas Partey
58%
66 Real Madrid Chelsea Spagna 2017 Álvaro Morata
46%
48 Valencia Lazio Spagna 2001 Gaizka Mendieta
46%
44,50 Valencia Manchester City Argentina 2015 Nicolás Otamendi
46%
Nessun quiz corrispondente trovato
Distribuzione punteggi
Percentuale di utenti per punteggio
Percentile per numero di risposta
I tuoi punteggi nel tempo
Non hai fatto questo quiz